Israel and Elath: (Record no. 27390)
[ view plain ]
| 000 -LEADER | |
|---|---|
| fixed length control field | 01060cam a2200289 4500 |
| 001 - CONTROL NUMBER | |
| control field | 27390 |
| 003 - CONTROL NUMBER IDENTIFIER | |
| rucl marc code | BD-RjUL |
| 005 - DATE AND TIME OF LATEST TRANSACTION | |
| control field | 20211209051141.0 |
| 008 - FIXED-LENGTH DATA ELEMENTS--GENERAL INFORMATION | |
| fixed length control field | 140325s1966 enkb b 001 0 eng |
| 035 ## - SYSTEM CONTROL NUMBER | |
| System control number | (BD-RjUL)27463 |
| 040 ## - CATALOGING SOURCE | |
| Original cataloging agency | DLC |
| Transcribing agency | DLC |
| Modifying agency | DLC |
| Language of cataloging | eng |
| 041 ## - LANGUAGE CODE | |
| Language code of text/sound track or separate title | eng |
| 082 00 - DEWEY DECIMAL CLASSIFICATION NUMBER | |
| Classification number | 956.9404 |
| Author mark and year | ELI 1966 |
| 100 1# - MAIN ENTRY--PERSONAL NAME | |
| Personal name | Elath, Eliahu, |
| Dates associated with a name | 1903- |
| 9 (RLIN) | 84145 |
| 245 10 - TITLE STATEMENT | |
| Title | Israel and Elath: |
| Remainder of title | the political struggle for the inclusion of Elath in the Jewish State; the Lucien Wolf memorial lecture to the Jewish Historical Society delivered in London, June 1966 / |
| Statement of responsibility, etc. | Eliahu Elath |
| 260 ## - PUBLICATION, DISTRIBUTION, ETC. (IMPRINT) | |
| Place of publication, distribution, etc. | London : |
| Name of publisher, distributor, etc. | published for the Jewish Historical Society of England [by] Weidenfeld & Nicolson |
| Date of publication, distribution, etc. | 1966 |
| 300 ## - PHYSICAL DESCRIPTION | |
| Pagination | [6], 26 p. : |
| Illustrations | ill. ; |
| Size | 22 1/2 cm. |
| 350 ## - PRICE (NR) (BK AM CF MU VM SE) [OBSOLETE] | |
| Price | 12/6 |
| 504 ## - BIBLIOGRAPHY, ETC. NOTE | |
| Bibliography, etc | includes index |
| 651 #0 - SUBJECT ADDED ENTRY--GEOGRAPHIC NAME | |
| Geographic name | Israel |
| General subdivision | Boundaries. |
| 9 (RLIN) | 84147 |
| Geographic name | Elat (Israel) |
| 9 (RLIN) | 84148 |
| 710 2# - ADDED ENTRY--CORPORATE NAME | |
| Corporate name or jurisdiction name as entry element | Jewish Historical Society of England. |
| 9 (RLIN) | 84149 |
| 942 ## - ADDED ENTRY ELEMENTS (KOHA) | |
| Source of classification or shelving scheme | Dewey Decimal Classification |
| Koha item type | Books |
| Lost status | Source of classification or shelving scheme | Damaged status | Not for loan | Collection code | Permanent Location | Current Location | Shelving location | Date acquired | Source of acquisition | Cost, normal purchase price | Total Checkouts | Full call number | Date last seen | Copy number | Koha item type |
|---|---|---|---|---|---|---|---|---|---|---|---|---|---|---|---|
| Dewey Decimal Classification | Added to bundle | Non-fiction | Central Library, University of Rajshahi | Central Library, University of Rajshahi | Reading Room | 12/08/1972 | Paramount Book corp. | 13.75 | 956.9404 ELI 1966 | 25/03/2014 | C-1 | Books |